[Event "ZN-2012-0-01954"]
[Site "LSS email"]
[Date "2012.05.28"]
[Round "?"]
[White "Fuller, Christopher"]
[Black "Huseby, Juan Carlos"]
[Result "0-1"]
[WhiteElo "670"]
[BlackElo "701"]
[PlyCount "106"]
[EventDate "2012.05.23"]
[EventType "match (corr)"]
[EventRounds "2"]
[EventCountry "GER"]
[SourceTitle "Telechess CBM 153"]
[Source "ChessBase"]
[SourceDate "2013.03.14"]
[SourceVersion "1"]
[SourceVersionDate "2013.03.14"]
[SourceQuality "1"]

1. d4 e6 2. e4 Nf6 3. Bd3 g6 4. Ne2 Ng4 5. f3 Bh6 6. Bxh6 Nxh6 7. 0-0 d6 8. Nbc3 Nd7 9. b4 c6 10. f4 Ng4 11. Qe1 Ne3 12. Rf3 Ng4 13. Qg3 h5 14. a4 a5 15. bxa5 Ndf6 16. e5 h4 17. Qh3 Rxa5 18. exf6 Nxf6 19. Re3 e5 20. fxe5 Bxh3 21. gxh3 Nh5 22. exd6+ Kf8 23. Re4 Rg5+ 24. Kf1 Qf6+ 25. Ke1 Qxd6 26. a5 Qxh2 27. Kd2 Qxh3 28. a6 Ng3 29. Nxg3 Qxg3 30. a7 Kg7 31. a8Q Rxa8 32. Rxa8 Qg2+ 33. Re2 Qf3 34. Rb8 Qf4+ 35. Kd1 Rg1+ 36. Re1 Rxe1+ 37. Kxe1 Qxb8 38. Kf2 Qg3+ 39. Ke2 f5 40. Kd2 f4 41. Kc1 Qe3+ 42. Kb2 Qxd4 43. Kb3 h3 44. Bf1 h2 45. Bg2 g5 46. Bh1 Qg1 47. Be4 Kf6 48. Ne2 Qb6+ 49. Ka3 c5 50. c3 Ke5 51. c4 Qb4+ 52. Ka2 Qxc4+ 53. Ka1 Qxe4 0-1

[Event "OP-2012-0-02211"]
[Site "LSS email"]
[Date "2012.05.24"]
[Round "?"]
[White "Fuller, Christopher"]
[Black "Tjiptadi, Kudus"]
[Result "0-1"]
[WhiteElo "672"]
[BlackElo "1147"]
[PlyCount "76"]
[EventDate "2012.05.20"]
[EventType "tourn (corr)"]
[EventRounds "4"]
[EventCountry "GER"]
[SourceTitle "Telechess CBM 155"]
[Source "ChessBase"]
[SourceDate "2013.07.16"]
[SourceVersion "1"]
[SourceVersionDate "2013.07.16"]
[SourceQuality "1"]

1. e4 d6 2. d4 Nf6 3. Bg5 Nxe4 4. Be3 g6 5. Nc3 Nxc3 6. bxc3 Bg7 7. Bb5+ c6 8. Ba4 Qa5 9. Bb3 Qxc3+ 10. Kf1 Qa5 11. Nf3 0-0 12. Bd2 Qc7 13. Qe2 Bg4 14. h3 Bxf3 15. gxf3 Bxd4 16. Rb1 Na6 17. f4 d5 18. Rg1 Nc5 19. c3 Nxb3 20. Rxb3 Bf6 21. f5 b6 22. fxg6 hxg6 23. Kg2 Kg7 24. f3 Rh8 25. Qe3 Rh5 26. Rh1 Rah8 27. Rb4 Rg5+ 28. Kf2 Qg3+ 29. Ke2 Qg2+ 30. Kd3 Qxh1 31. a3 Rxh3 32. Kc2 Rxf3 33. Qe2 Rg2 34. Qxf3 Rxd2+ 35. Kxd2 Qxf3 36. Kc2 Qxc3+ 37. Kb1 Qxa3 38. Rf4 Qb2# 0-1

[Event "OP-2012-0-02211"]
[Site "LSS email"]
[Date "2012.05.24"]
[Round "?"]
[White "Piacentile, Carmine"]
[Black "Fuller, Christopher"]
[Result "1-0"]
[WhiteElo "1497"]
[BlackElo "672"]
[PlyCount "49"]
[EventDate "2012.05.20"]
[EventType "tourn (corr)"]
[EventRounds "4"]
[EventCountry "GER"]
[SourceTitle "Telechess CBM 155"]
[Source "ChessBase"]
[SourceDate "2013.07.16"]
[SourceVersion "1"]
[SourceVersionDate "2013.07.16"]
[SourceQuality "1"]

1. Nf3 Nf6 2. Nc3 Nc6 3. d4 d5 4. Bf4 e6 5. e3 Bd6 6. Ne5 Nxe5 7. dxe5 Bxe5 8. Bxe5 0-0 9. Qd4 c5 10. Qxc5 Nd7 11. Qd4 Nxe5 12. Qxe5 f6 13. Qd4 b6 14. e4 dxe4 15. Qxe4 Bd7 16. 0-0-0 Qe7 17. Qb7 Rab8 18. Qxd7 Rb7 19. Qxe7 Rxe7 20. Bc4 Rc8 21. b3 g5 22. Rhe1 f5 23. Rxe6 Rxe6 24. Bxe6+ Kf8 25. Bxc8 1-0

[Event "BI-2012-P-00001"]
[Site "LSS email"]
[Date "2012.04.20"]
[Round "?"]
[White "Fuller, Christopher"]
[Black "Rahde, Frank"]
[Result "0-1"]
[WhiteElo "674"]
[BlackElo "2011"]
[PlyCount "64"]
[EventDate "2012.04.22"]
[EventType "tourn (corr)"]
[EventRounds "10"]
[EventCountry "GER"]
[SourceTitle "Telechess CBM 159"]
[Source "ChessBase"]
[SourceDate "2014.03.17"]
[SourceVersion "1"]
[SourceVersionDate "2014.03.17"]
[SourceQuality "1"]

1. e4 c6 2. d4 d5 3. exd5 cxd5 4. Bb5+ Bd7 5. Ne2 Bxb5 6. 0-0 Nc6 7. Nbc3 Bxe2 8. Qxe2 e6 9. Bd2 Nxd4 10. Qd3 Nc6 11. Ne2 Nf6 12. Nd4 Bd6 13. g3 0-0 14. Rfe1 Nxd4 15. Qxd4 Rc8 16. Rac1 Bc5 17. Qf4 Qb6 18. b3 Ba3 19. Rb1 Rxc2 20. Be3 Bc5 21. Bxc5 Qxc5 22. Rbc1 Rc8 23. Rxc2 Qxc2 24. Qd4 Qxa2 25. Ra1 Qxb3 26. Rxa7 Ne4 27. Kg2 h6 28. Qe5 Rc2 29. Kh3 Nxf2+ 30. Kh4 Rc4+ 31. Kh5 Qf3+ 32. g4 Qxg4# 0-1

[Event "RN-2012-0-00457"]
[Site "LSS email"]
[Date "2012.03.05"]
[Round "?"]
[White "Fuller, Christopher"]
[Black "Cherry, Brian"]
[Result "1-0"]
[WhiteElo "770"]
[BlackElo "759"]
[PlyCount "45"]
[EventDate "2012.02.19"]
[EventType "tourn (corr)"]
[EventRounds "6"]
[EventCountry "GER"]
[SourceTitle "Telechess CBM 153"]
[Source "ChessBase"]
[SourceDate "2013.03.14"]
[SourceVersion "1"]
[SourceVersionDate "2013.03.14"]
[SourceQuality "1"]

1. d4 e6 2. e4 d5 3. exd5 exd5 4. Qe2+ Be6 5. Nc3 Bb4 6. a3 Bxc3+ 7. bxc3 Nf6 8. h3 c6 9. Rb1 Qd7 10. Nf3 Ne4 11. Qe3 f6 12. Bd3 Nxc3 13. Rb3 Na4 14. g4 0-0 15. 0-0 Nb6 16. Re1 Bxg4 17. hxg4 Qxg4+ 18. Kf1 Qh3+ 19. Kg1 N8d7 20. Bd2 Rae8 21. Qf4 Re6 22. Bxh7+ Kxh7 23. Ng5+ 1-0

[Event "RN-2012-0-00457"]
[Site "LSS email"]
[Date "2012.03.05"]
[Round "?"]
[White "Fuller, Christopher"]
[Black "Jokmin, Guido"]
[Result "1-0"]
[WhiteElo "770"]
[BlackElo "668"]
[PlyCount "61"]
[EventDate "2012.02.19"]
[EventType "tourn (corr)"]
[EventRounds "6"]
[EventCountry "GER"]
[SourceTitle "Telechess CBM 153"]
[Source "ChessBase"]
[SourceDate "2013.03.14"]
[SourceVersion "1"]
[SourceVersionDate "2013.03.14"]
[SourceQuality "1"]

1. e4 e5 2. Nf3 Nc6 3. Bd3 Nf6 4. 0-0 d6 5. b3 Be6 6. Ba3 d5 7. exd5 Bxd5 8. Bb2 Bd6 9. Nc3 Be6 10. a3 0-0 11. Re1 a6 12. h3 Nd4 13. Nxd4 Bd7 14. a4 exd4 15. Ne2 c5 16. g4 Bxg4 17. hxg4 Nxg4 18. f3 Nh2 19. Kg2 Qg5+ 20. Kf2 Qh4+ 21. Kg1 Nxf3+ 22. Kf1 Nh2+ 23. Kg1 Nf3+ 24. Kg2 Nxe1+ 25. Qxe1 Qh2+ 26. Kf1 Rae8 27. Qf2 Qh3+ 28. Qg2 Qh6 29. c3 Re6 30. Rd1 Rf6+ 31. Kg1 1-0

[Event "BI-2011-F-00021"]
[Site "LSS email"]
[Date "2012.02.12"]
[Round "?"]
[White "Fuller, Christopher"]
[Black "Lombardi, Donato"]
[Result "1-0"]
[WhiteElo "674"]
[BlackElo "804"]
[PlyCount "91"]
[EventDate "2012.02.15"]
[EventType "tourn (corr)"]
[EventRounds "10"]
[EventCountry "GER"]
[SourceTitle "Telechess CBM 153"]
[Source "ChessBase"]
[SourceDate "2013.03.14"]
[SourceVersion "1"]
[SourceVersionDate "2013.03.14"]
[SourceQuality "1"]

1. b3 d5 2. d4 Nf6 3. Nf3 e6 4. e3 Bd6 5. Bd3 0-0 6. 0-0 c5 7. dxc5 Bxc5 8. a3 Nc6 9. b4 Bb6 10. Nc3 e5 11. Be2 d4 12. exd4 exd4 13. Na4 Bg4 14. h3 Bh5 15. Bb2 Bc7 16. g3 Bxf3 17. Bxf3 Qd6 18. b5 Ne5 19. Bxb7 Rab8 20. Bg2 Rxb5 21. c3 dxc3 22. Bxc3 Qxd1 23. Rfxd1 Nc4 24. Bf1 Ba5 25. Bxa5 Rxa5 26. Rd4 Rxa4 27. Bxc4 Kh8 28. g4 Rc8 29. Rc1 Rxa3 30. Kg2 Ra5 31. f3 Nd5 32. Kg3 Ne3 33. Bxf7 Rf8 34. Rd3 h6 35. Rxe3 Rxf7 36. f4 Ra4 37. f5 a5 38. h4 Ra7 39. g5 hxg5 40. hxg5 Rb4 41. f6 gxf6 42. gxf6 Rf7 43. Rf3 Kh7 44. Kf2 Kg6 45. Rg1+ Kh7 46. Rh3+ 1-0

[Event "BI-2011-F-00021"]
[Site "LSS email"]
[Date "2012.02.12"]
[Round "?"]
[White "Verich, Oleg"]
[Black "Fuller, Christopher"]
[Result "1-0"]
[WhiteElo "1112"]
[BlackElo "674"]
[PlyCount "85"]
[EventDate "2012.02.15"]
[EventType "tourn (corr)"]
[EventRounds "10"]
[EventCountry "GER"]
[SourceTitle "Telechess CBM 153"]
[Source "ChessBase"]
[SourceDate "2013.03.14"]
[SourceVersion "1"]
[SourceVersionDate "2013.03.14"]
[SourceQuality "1"]

1. e4 b6 2. Nc3 e5 3. Nf3 Bd6 4. Nb5 Bc5 5. Nxe5 Nf6 6. d4 Be7 7. Bd3 Ba6 8. Nc3 Bxd3 9. cxd3 d6 10. Nf3 c6 11. 0-0 0-0 12. Qc2 Qd7 13. Bg5 h6 14. Bh4 c5 15. Ne2 cxd4 16. Nexd4 Rc8 17. Qb3 g5 18. Bg3 Nc6 19. Nf5 h5 20. Nxg5 Bf8 21. Bxd6 Bxd6 22. Nxf7 Qxf7 23. Qxf7+ Kxf7 24. Nxd6+ Ke6 25. Nxc8 Rxc8 26. Rac1 Ke5 27. Rc4 Kd6 28. f4 b5 29. Rc2 h4 30. e5+ Ke6 31. exf6 Kxf6 32. Rfc1 Kf5 33. Rxc6 Rxc6 34. Rxc6 a5 35. Rc5+ Kg4 36. f5 b4 37. f6 a4 38. Kf2 a3 39. bxa3 bxa3 40. f7 h3 41. gxh3+ Kxh3 42. Rc4 Kxh2 43. Rh4# 1-0

[Event "SN-2011-0-00411"]
[Site "LSS email"]
[Date "2012.01.04"]
[Round "?"]
[White "Linart, Ludvik"]
[Black "Fuller, Christopher"]
[Result "1-0"]
[WhiteElo "880"]
[BlackElo "815"]
[PlyCount "87"]
[EventDate "2011.12.23"]
[EventType "tourn (corr)"]
[EventRounds "6"]
[EventCountry "GER"]
[SourceTitle "Telechess CBM 157"]
[Source "ChessBase"]
[SourceDate "2013.11.12"]
[SourceVersion "1"]
[SourceVersionDate "2013.11.12"]
[SourceQuality "1"]

1. d4 e6 2. Nf3 Bd6 3. e4 Nf6 4. e5 Bb4+ 5. c3 Ba5 6. exf6 Qxf6 7. Bd3 h6 8. 0-0 0-0 9. a4 c6 10. b4 Bc7 11. Nbd2 b5 12. axb5 cxb5 13. Ne4 Qe7 14. Bxb5 Bb7 15. Nc5 Bd5 16. Ne5 Bxe5 17. dxe5 a5 18. Be3 Rc8 19. c4 axb4 20. cxd5 exd5 21. Qxd5 Ra3 22. Nxd7 Nxd7 23. Bxd7 Rxa1 24. Bxc8 Rxf1+ 25. Kxf1 Kh7 26. Bc5 Qg5 27. Qe4+ g6 28. Qe3 Qxe3 29. Bxe3 g5 30. Bf5+ Kg7 31. Bd4 b3 32. e6+ Kf8 33. exf7 Kxf7 34. Bd3 h5 35. Bc4+ Kg6 36. Bxb3 g4 37. g3 Kg5 38. Be3+ Kf5 39. Bc2+ Ke5 40. Kg2 Kf6 41. h4 gxh3+ 42. Kxh3 h4 43. Kxh4 Ke5 44. f4+ 1-0

[Event "RN-2011-0-00418"]
[Site "LSS email"]
[Date "2011.10.31"]
[Round "?"]
[White "Lebduska, Daniel"]
[Black "Fuller, Christopher"]
[Result "0-1"]
[WhiteElo "684"]
[BlackElo "918"]
[PlyCount "46"]
[EventDate "2011.10.11"]
[EventType "tourn (corr)"]
[EventRounds "6"]
[EventCountry "GER"]
[SourceTitle "Telechess CBM 157"]
[Source "ChessBase"]
[SourceDate "2013.11.12"]
[SourceVersion "1"]
[SourceVersionDate "2013.11.12"]
[SourceQuality "1"]

1. e4 e5 2. Nf3 d6 3. Bc4 Nf6 4. d3 Be7 5. h3 0-0 6. 0-0 Be6 7. Bxe6 fxe6 8. Nc3 Nc6 9. Bg5 Qd7 10. a3 a6 11. b4 a5 12. b5 Nd4 13. a4 Nxf3+ 14. Qxf3 Nxe4 15. Qxe4 Bxg5 16. Qxb7 Qf7 17. Ne4 Bf4 18. g3 Bh6 19. h4 d5 20. Nc3 Bd2 21. Nd1 Rad8 22. Ne3 Rb8 23. Qc6 Rb6 0-1

[Event "CP-2011-P-00037"]
[Site "LSS email"]
[Date "2011.09.30"]
[Round "?"]
[White "Do Amaral, Rogerio Einloft"]
[Black "Fuller, Christopher"]
[Result "1-0"]
[WhiteElo "1887"]
[BlackElo "815"]
[PlyCount "57"]
[EventDate "2011.10.01"]
[EventType "tourn (corr)"]
[EventRounds "6"]
[EventCountry "GER"]
[SourceTitle "Telechess CBM 157"]
[Source "ChessBase"]
[SourceDate "2013.11.12"]
[SourceVersion "1"]
[SourceVersionDate "2013.11.12"]
[SourceQuality "1"]

1. e4 e5 2. Nf3 Nc6 3. Bb5 a6 4. Bxc6 bxc6 5. d4 exd4 6. Qxd4 Nf6 7. e5 c5 8. Qd3 Ng8 9. Nc3 Be7 10. 0-0 Bb7 11. Ne4 h6 12. b3 g5 13. Bb2 g4 14. Nfd2 Bc6 15. Nc4 h5 16. e6 Bf6 17. Nxf6+ Nxf6 18. exd7+ Nxd7 19. Rfe1+ Kf8 20. Bxh8 Kg8 21. Bb2 Qh4 22. Na5 Bb5 23. c4 Ba4 24. Qd2 Rb8 25. Qh6 f6 26. Re7 Qxf2+ 27. Kxf2 g3+ 28. hxg3 Nf8 29. Rg7# 1-0

[Event "CP-2011-P-00037"]
[Site "LSS email"]
[Date "2011.09.30"]
[Round "?"]
[White "Horse, Madera"]
[Black "Fuller, Christopher"]
[Result "1-0"]
[WhiteElo "1278"]
[BlackElo "815"]
[PlyCount "69"]
[EventDate "2011.10.01"]
[EventType "tourn (corr)"]
[EventRounds "6"]
[EventCountry "GER"]
[SourceTitle "Telechess CBM 157"]
[Source "ChessBase"]
[SourceDate "2013.11.12"]
[SourceVersion "1"]
[SourceVersionDate "2013.11.12"]
[SourceQuality "1"]

1. e4 c5 2. Nf3 Nf6 3. e5 Nd5 4. Nc3 Nxc3 5. dxc3 Nc6 6. Bc4 e6 7. Bf4 Be7 8. 0-0 0-0 9. Qd2 f6 10. exf6 Rxf6 11. Bg5 Rf8 12. Bxe7 Qxe7 13. Rfe1 d6 14. Rad1 Na5 15. Bd5 Rf6 16. Ng5 h6 17. Nxe6 Bxe6 18. Rxe6 Rxe6 19. Re1 Re8 20. Rxe6 Qxe6 21. Bxe6+ Rxe6 22. f4 b6 23. Qd5 Kf7 24. f5 c4 25. Qxe6+ Kf8 26. Qxd6+ Kg8 27. Qb8+ Kh7 28. Qxa7 Nc6 29. Qc7 Ne5 30. Qxe5 h5 31. h4 Kh6 32. Qe7 b5 33. Qf7 Kh7 34. f6 Kh6 35. Qxg7# 1-0

[Event "LSS RF-2011-0-00088"]
[Site "LSS email"]
[Date "2011.08.22"]
[Round "?"]
[White "Fuller, Christopher"]
[Black "Werner, Guenter"]
[Result "0-1"]
[WhiteElo "922"]
[BlackElo "1227"]
[PlyCount "40"]
[EventDate "2011.06.21"]
[EventType "tourn (corr)"]
[EventRounds "6"]
[EventCountry "GER"]
[SourceTitle "Telechess CBM 149"]
[Source "ChessBase"]
[SourceDate "2012.07.17"]
[SourceVersion "1"]
[SourceVersionDate "2012.07.17"]
[SourceQuality "1"]

1. d4 c5 2. dxc5 e6 3. b4 b6 4. cxb6 Bxb4+ 5. Nd2 Bc3 6. b7 Bxb7 7. Rb1 Qc7 8. a3 Nf6 9. Ngf3 Bxf3 10. gxf3 0-0 11. Bh3 Nd5 12. a4 Qc4 13. 0-0 Qxa4 14. Ne4 f5 15. Nd6 Qh4 16. e4 fxe4 17. fxe4 Qxh3 18. Bd2 Rf6 19. Nf5 Rg6+ 20. Kh1 Qg2# 0-1